Finsko /

Main Author: Němcová, Alena, ekonomka
Language: Czech
Published: Praha : Centrum vnějších ekonomických vztahů, 1994
Physical Description: 68 s.
Book
Saved in:
LEADER 00671nam a22002172a 4500
001 000144314
003 CZ BrMZK
005 20030206090318.0
008 010907s1994 xr f cze d
015 |a cnb000088167 
035 |a (OCoLC)39581301 
040 |a BOA001  |b cze  |c BOA003 
080 |a 33(480)  |2 MRF 
100 1 |a Němcová, Alena,  |c ekonomka  |4 aut 
245 1 0 |a Finsko /  |c Alena Němcová 
260 |a Praha :  |b Centrum vnějších ekonomických vztahů,  |c 1994 
300 |a 68 s. 
504 |a Obsahuje bibliografii 
910 |a BOA001  |b TK-A-0254.900 
990 |a BK 
996 7 |b 2629984458  |c TK-A-0254.900  |l MZK  |r Sklad / do 24 hodin  |n 18  |w 000144314  |u 000010  |a 1  |e BOA001  |j MZK50  |s A